000 00756 a2200217 4500
999 _c6918
_d6918
020 _a9780521852913
020 _a9780521618069
050 0 0 _aH61.15 AMA 2009
100 _aMorris, Christopher W.
_eeditor
245 0 0 _aAmartya Sen /
_cedited by Christopher Morris W.
250 _a1st ed.
264 _aNew York :
_bCambridge University Press,
_c2009.
300 _aix, 224 p. ;
500 _aIncludes index
504 _aIncludes bibliographical references (p. 221-222)
650 0 _aSocial sciences
_xPhilosophy.
650 0 _aEconomics.
700 1 _aMorris, Christopher W.
_eeditor
942 _2lcc
_cBK
_e1st ed.
_h61.15
_iAMA
_kH